Teória riadenia praktikum
Guardado en:
| Autor principal: | |
|---|---|
| Autor Corporativo: | |
| Otros Autores: | , , , , |
| Formato: | Libro |
| Lenguaje: | eslovaco |
| Publicado: |
Bratislava
Vysoká škola ekonomická
1984
|
| Etiquetas: |
Sin Etiquetas, Sea el primero en etiquetar este registro!
|
MARC
| LEADER | 00000nam a2200000 4500 | ||
|---|---|---|---|
| 001 | c115396 | ||
| 005 | 20230116123143.8 | ||
| 041 | 0 | |a slo | |
| 044 | |a SK | ||
| 245 | 1 | 0 | |a Teória riadenia |b praktikum |c S.I. Šimončič a kol. |
| 264 | 1 | |a Bratislava |b Vysoká škola ekonomická |c 1984 | |
| 300 | |a 170 s. | ||
| 100 | 1 | |a Šimončič, Stanislav Igor | |
| 700 | 1 | |a Majtán, Miroslav | |
| 700 | 1 | |a Pinka, Dušan | |
| 700 | 1 | |a Hrebíčková, Marta | |
| 700 | 1 | |a Barri, Tibor | |
| 700 | 1 | |a Ivanička, Koloman | |
| 710 | 2 | |a Vysoká škola ekonomická v Bratislave. Fakulta riadenia | |